Loading...
Economic growth and structure
| Main Author: | |
|---|---|
| Format: | Printed Book |
| Language: | Undetermined |
| Published: |
New Delhi
Oxford & IBH publishing co pvt ltd
1965
|
| LEADER | 00526nam a2200133Ia 4500 | ||
|---|---|---|---|
| 008 | 161229s9999 xx 000 0 und d | ||
| 082 | |a 338.9 KUZ/EC | ||
| 100 | |a Kuznets, Simon | ||
| 245 | |a Economic growth and structure | ||
| 260 | |b Oxford & IBH publishing co pvt ltd |a New Delhi |c 1965 | ||
| 300 | |a viii, 378 | ||
| 942 | |c BK | ||
| 999 | |c 151239 |d 151239 | ||
| 952 | |0 0 |1 0 |4 0 |6 338_900000000000000_KUZEC |7 0 |9 150290 |a KAUCLV |b KAUCLV |d 2016-12-29 |g 15.00 |o 338.9 KUZ/EC |p 902548 |r 2016-12-29 |w 2016-12-29 |y BK |z Book transferred from CCBM Library ,Acc.No:2836 | ||